000 00420nam a2200181Ia 4500
001 433
005 20260306140517.0
008 260306t2004||||xx |||||||||||||| ||spa||
041 _aESP
082 _a113
_bP77
100 _aPonferrada, Gustavo Eloy
_eAUT
245 0 _aFilosofía de la naturaleza
260 _c2004
300 _a403 páginas :
_c21cm.
650 _aGEN
654 _aCHU
942 _cLIB
_dJUS
_fJUS
_2ddc
_n
999 _c433
_d433